Click on the right country - Sudden Death - Statistics

General Stats
  • This quiz has been taken 42 times
  • The average score is 16 of 20
Answers on the Map
Answers color-coded by a green-red scale on the quiz's map according to % correct below.
 
Answer Stats
Answer % Correct
Yemen
92%
Bahamas
89%
Colombia
89%
Latvia
89%
France
86%
Ireland
86%
Japan
86%
Somalia
86%
Vietnam
86%
El Salvador
83%
Bosnia and Herzegovina
81%
Eswatini
81%
Taiwan
81%
Cyprus
78%
Iraq
78%
Mauritania
78%
Togo
78%
Kosovo
72%
Uzbekistan
72%
Timor Leste
42%
No matching quizzes found
Score Distribution
Percent of People with Each Score
Percentile by Number Answered
Your Score History
You have not taken this quiz